| 000 | 00466nam a2200181Ia 4500 | ||
|---|---|---|---|
| 005 | 20260429111854.0 | ||
| 008 | 260429s9999||||xx |||||||||||||| ||und|| | ||
| 020 | _a9798887153902 | ||
| 041 | _aEnglish | ||
| 082 |
_a796.082 _bCOU |
||
| 100 | _aCourtney, Lauren | ||
| 245 | 0 |
_aWomen and sports / _cLauren Courtney |
|
| 250 | _a1st ed. | ||
| 260 |
_aUnited States : _bOryson Press, _c2024. |
||
| 300 | _aviii, 336 p.; hb | ||
| 650 | _aWomen sports | ||
| 942 | _cTB | ||
| 999 |
_c51224 _d51224 |
||